• 首页
  • 本馆介绍
  • 公告通知
  • 最新文献
  • 馆藏检索
  • 电子资源
  • 读者导购
  • 参考咨询
  • 我的图书馆
  • 登录
  • 详细信息显示
  • 放入我的书架
  • 预约/预借图书
  • 作者相关作品
  • 分类相关作品
  • 丛书相关作品
  • 出版社相关作品

书目信息

  • 表格格式
  • 工作单格式
  • 卡片格式
题名:
晶体生长科学技术
    
 
作者: 张乐潓 , 张克从 主编
分册: 上册  
出版信息: 北京   科学出版社  1981
页数: 602
开本: 20cm
丛书名: 凝聚态物理学丛书
单 册:
中图分类: O78
科图分类:
主题词: 晶体生长
电子资源:
ISBN: 7-03-005546-2
000 00687nam0 2200229 450
001 0754114953
005 20070929150154.95
010    @a7-03-005546-2
100    @a20070929d km y0chiy0120 ea
101 0  @achi
200 1  @a晶体生长科学技术@Ajing ti sheng zhang ke xue ji shu@h上册@f张克从,张乐潓 主编@Fzhang ke cong,zhang yue hui zhu bian
205    @a2版
210    @a北京@c科学出版社@d1981
215    @a602@c插图@d20cm
225 2  @a凝聚态物理学丛书
410  0 @12001 @a凝聚态物理学丛书
606 0  @a晶体生长
690    @aO78@v3
701  0 @a张乐潓@Azhang yue hui@4主编
701  0 @a张克从@Azhang ke cong@4主编
801  0 @aCN@bPFT@c20070929
905    @a213230@dO78@eh6:1=2@f1
    
    晶体生长科学技术.上册/张克从,张乐潓 主编.-2版.-北京:科学出版社,1981
    602:插图;20cm.-(凝聚态物理学丛书)
    
    
    ISBN 7-03-005546-2:
    
●
相关链接 在E读中查询图书 在五车中查询图书 在当当中查询图书 在豆瓣中查询图书


正题名:晶体生长科学技术     索取号:O78/h6:1=2         预约/预借

序号 登录号 条形码 馆藏地/架位号 状态 备注
1 6001381   260013817   密集书库-化学系/ [索取号:O78/h6:1=2] 在馆    
唐山师范学院图书馆 欢迎您!
大连网信软件有限公司© 版权所有